000 00627nam a2200217Ii 4500
003 JO-AjNU
008 230606s9999||||xx |||||||||||||| ||und||
020 _a0-8052-0492-x
040 _aJO-AjNU
_beng
_erda
_cJO-AjNU
041 _aeng
050 1 4 _aBP189.N49 1975
100 3 _aNicholson,Reynold A,
_eauthor
_95572
245 0 4 _aThe mystics of Islam
250 _a1 ed
264 3 1 _aNew York: Schocken Books,1975
300 _a178p
_bIncludes bibliographical indexes(p169-178)
336 _atext
_btxt
_2rdacontent
337 _aunmediated
_bn
_2rdamedia
338 _avolume
_bnc
_2rdacarrier
650 4 _asufism
_95573
999 _aE2883
_c2881
_d2881